[Event "18th Karpov Poikovsky 2017"]
[Site "Poikovsky"]
[Date "2017.04.27"]
[Round "9"]
[White "Zhigalko, Sergei"]
[Black "Najer, Evgeniy"]
[Result "0-1"]
[WhiteElo "2639"]
[BlackElo "2679"]
[Annotator "TA"]
[PlyCount "96"]
[EventDate "2017.??.??"]
[EventType "tourn"]
[EventCountry "RUS"]
[SourceTitle "playchess.com"]
[Source "ChessBase"]
[SourceQuality "1"]

{[%evp 14,96,30,22,17,13,11,4,10,8,28,-6,55,49,45,35,30,-12,0,-62,-57,-66,-54,-42,-45,-59,-26,-29,-31,-44,-33,-26,-10,-33,-12,-18,0,-32,-17,-16,-22,-34,-32,-60,-56,-44,-62,-63,0,-4,0,0,0,-40,40,-80,-70,-76,-69,-77,-83,-256,-256,-256,-248,-254,-259,-263,-251,-263,-263,-263,-263,-263,-263,-263,-263,-263,-258,-262,-251,-264,-256,-254,-251]} 1. e4 c6 2. d4 d5 3. e5 Bf5 4. Nf3 e6 5. Be2 Ne7 6. c3 h6 7. O-O Nd7 8. Nbd2 {LiveBook: 85 Games. B12: Caro-Kann: Advance Variation} (8. Na3 Bg6 9. Nc2 Nf5 10. g4 Ne7 11. Nh4 Bh7 12. f4 h5 13. f5 Qb6 14. a4 a5 15. Ne3 O-O-O 16. fxe6 fxe6 17. gxh5 {½-½ (67) Anand,V (2779)-Riazantsev,A (2671) Doha 2016}) 8... a5 9. Re1 a4 10. Nf1 $146 {The position is equal.} (10. h3 Bh7 11. c4 dxc4 12. Nxc4 Nd5 13. Bd3 Bb4 14. Bxh7 Bxe1 15. Qxe1 Rxh7 {½-½ (52) Schwarz,J (2272)-Llorach Gracia,T (2154) ICCF email 2012}) 10... Bg6 11. Bf4 c5 12. c4 Nb6 (12... dxc4 $11 13. Bxc4 Nb6 14. Bb5+ Nc6) 13. dxc5 $14 Nxc4 14. b3 Na3 15. Rc1 Nc6 16. bxa4 ({Better is} 16. Ng3 $11) 16... Qa5 $1 $15 17. Qb3 Qxa4 18. Qxb7 Rb8 (18... Nd8 $6 19. Qb6 (19. Qc7 Be7 $11) 19... Be7 20. c6 Qxf4 21. c7 $16) 19. Bd1 $1 Qa8 (19... Rxb7 20. Bxa4 Nb5 21. Rc3 $16) (19... Qb5 $6 20. Qxb5 Nxb5 21. a4 $11) (19... Bc2 $5 {feels hotter.} 20. Qc7 Qa8 21. Bxc2 Nb5 22. Qb6 Rxb6 23. cxb6 Be7) 20. Qxa8 $1 Rxa8 21. Re3 {[%cal Be1e3,Be3b3,Bb3b7,Bb7d7][%mdl 32]} Be7 {[%mdl 1024] Black has compensation.} 22. Rb3 O-O 23. N1d2 {[%cal Bf1d2,Bd2b3,Bb3d4][%mdl 32]} Rfc8 24. Be3 Ra5 25. Rb7 Bd8 26. Nb3 Raa8 27. Nbd4 Na5 28. Rd7 N3c4 29. Be2 Be4 30. h3 Nxe3 (30... Kf8 $15) 31. fxe3 $11 Bb6 32. Nd2 {[#] Black must now prevent Rf1.} (32. cxb6 Rxc1+ 33. Kf2 Rb8 $17) 32... Bg6 $36 {[%mdl 2048] Black is more active.} 33. h4 h5 (33... Bxc5 $15 34. h5 Bxd4 35. Rxc8+ Rxc8 36. exd4 Bf5) 34. g4 (34. cxb6 $14 Rxc1+ 35. Kf2) 34... hxg4 $17 ({Much worse is} 34... Bxc5 35. gxh5 Bf5 36. Kf2 $11 (36. Nxf5 Bxe3+ 37. Nxe3 Rxc1+ 38. Kg2 Nc6 $15)) (34... Rxc5 $6 35. Rxc5 Bxc5 36. gxh5 $11) 35. Bxg4 {Threatens to win with h5.} Rxc5 36. Rxc5 Bxc5 37. Be2 $2 {[#]} (37. Kf2 $17 {was worth a try.}) 37... Bxd4 $1 $19 ({Less strong is} 37... Nc6 38. Nxc6 Bxe3+ 39. Kf1 Bxd2 40. Ne7+ Kh7 41. Nxg6 Kxg6 42. Bd3+ f5 43. Re7 $15) 38. exd4 Nc6 39. h5 Bf5 {Black has a decisive advantage.} ({Much less strong is} 39... Nxd4 40. hxg6 Nxe2+ 41. Kf1 Ng3+ 42. Kf2 $17) 40. Nb3 Rxa2 41. Bb5 Ra3 42. Bxc6 {aiming for Nc5.} Rxb3 {[%mdl 4096] Endgame KRB-KRB} 43. Rd8+ Kh7 44. Rd7 Rb4 45. Rxf7 Rxd4 46. Kf2 Kg8 47. Rd7 Rf4+ 48. Kg3 Re4 0-1